Ciudades latinoamericanas que comienzan con S - Estadísticas

Estadísticas generales
  • Esta prueba ha sido intentada 2.536 veces
  • La puntuación promedio es 5 de 10
Respuestas en el mapa
Las respuestas están codificadas por una escala verde-roja en el mapa de la prueba según el % correcto abajo.
 
Estadísticas de respuestas
País Población Ciudad % Correcto
Chile 6,16 M Santiago
97%
Brasil 12,28 M São Paulo
92%
República Dominicana 2,58 M Santo Domingo
76%
Costa Rica 1,45 M San José
74%
El Salvador 0,32 M San Salvador
71%
Brasil 2,90 M Salvador
41%
Argentina 0,54 M Salta
37%
Bolivia 1,44 M Santa Cruz
34%
Honduras 0,67 M San Pedro Sula
18%
Colombia 0,75 M Soacha
8%
No se encontraron pruebas coincidentes
Distribución de puntuación
Porcentaje de gente con cada puntuación
Porcentaje por número respondido
Historial de tus puntuaciones
No has intentado esta prueba.